000 00296nam a2200121Ia 4500
008 241015s9999 xx 000 0 und d
041 _aeng
082 _a658.155 ARO
100 _aArora
245 _aFinancial Risk Management
260 _bWiley India
_aNew Delhi
_c2021
300 _a379;. P. 23 cm
999 _c41854
_d41854